Wpisz C - Statystyki

Ogólne statystyki
  • Ten quiz został rozwiązany 118 razy
  • Średni wynik to 39 z 40
Statystyki odpowiedzi
Wpisz C % Poprawnych
c
100%
c
100%
c
100%
c
100%
c
100%
c
100%
c
100%
c
100%
c
99%
c
99%
c
99%
c
99%
c
99%
c
99%
c
99%
c
99%
c
97%
c
97%
c
97%
c
97%
c
97%
c
97%
c
97%
c
97%
c
97%
c
97%
c
97%
c
97%
c
97%
c
97%
c
97%
c
97%
c
97%
c
97%
c
97%
c
97%
c
97%
c
97%
c
97%
c
97%
Nie znaleziono quizów pasujących do podanych kryteriów
Rozkład punktacji
Procent ludzi z każdym wynikiem
Percentyl według liczby udzielonych odpowiedzi
Twoja historia wyników
Nie rozwiązałeś tego quizu